000
00190 a2200097 4500
001
31362
100
_a
Ali
245
_a
Learn to live
260
_a
karachi
_b
_c
1999
090
_c
21254
_d
21254
942
_a
NUST-CAE
_c
M
_c
12508
999
_c
266435
_d
266435